Shrinking Cities in Texas - Statistics

General Stats
  • This quiz has been taken 44 times
  • The average score is 4 of 11
Answer Stats
Population Growth Rate (%) City % Correct
115,282 -1.7 Beaumont
83%
102,316 -2.3 Wichita Falls
67%
36,193 -0.3 Texarkana
47%
34,143 -2.9 Lufkin
43%
34,673 -3.5 Del Rio
40%
32,147 -2.0 Nacogdoches
37%
24,476 -3.2 Paris
37%
26,144 -4.1 Big Spring
23%
25,402 -4.0 Kingsville
23%
23,392 -0.5 Marshall
17%
20,187 -9.2 Plainview
13%
No matching quizzes found
Score Distribution
Percent of People with Each Score
Percentile by Number Answered
Your Score History
You have not taken this quiz